ՀՀ Գիտությունների ազգային ակադեմիայի հիմնարար գիտական գրադարան  =   Fundamental Scientific Library of NAS RA

С косогора на лыжню чемпиона / (Record no. 315781)

MARC details
000 -LEADER
fixed length control field 00648nam a2200205 a 4500
001 - CONTROL NUMBER
control field 000916927
003 - CONTROL NUMBER IDENTIFIER
control field AM-YeHGA
005 - DATE AND TIME OF LATEST TRANSACTION
control field 20250617145637.0
008 - FIXED-LENGTH DATA ELEMENTS--GENERAL INFORMATION
fixed length control field 121002s1973 ||| r 000 0 rus d
040 ## - CATALOGING SOURCE
Original cataloging agency AM-YeHGA
041 1# - LANGUAGE CODE
Language code of text/sound track or separate title rus
Language code of original fin
090 ## - LOCALLY ASSIGNED LC-TYPE CALL NUMBER (OCLC); LOCAL CALL NUMBER (RLIN)
-- 317506
100 1# - MAIN ENTRY--PERSONAL NAME
Personal name Мянтюранта, Ээро
245 10 - TITLE STATEMENT
Title С косогора на лыжню чемпиона /
Statement of responsibility, etc. Э. Мянтюранта.
246 15 - VARYING FORM OF TITLE
Title proper/short title Kairoilta kisaladuille
260 ## - PUBLICATION, DISTRIBUTION, ETC.
Place of publication, distribution, etc. Москва :
Name of publisher, distributor, etc. Б. и.,
Date of publication, distribution, etc. 1973.
300 ## - PHYSICAL DESCRIPTION
Extent 128 с. :
Other physical details [8] л. ил.
440 #0 - SERIES STATEMENT/ADDED ENTRY--TITLE
Title Звезды мирового спорта
653 0# - INDEX TERM--UNCONTROLLED
Uncontrolled term Лыжный спорт - Финляндия
Holdings
Withdrawn status Lost status Damaged status Not for loan Collection Home library Current library Date acquired Total checkouts Full call number Barcode Date last seen Price effective from Koha item type Public note
        General Fundamental Scientific Library Fundamental Scientific Library 09/01/2017   PII/321469 FL0240877 09/01/2017 09/01/2017 Գրքեր / Books 30 Days Loan


ՀՀ ԳԱԱ հիմնարար գիտական գրադարան
ՀՀ,Երևան 0019
Մարշալ Բաղրամյան 24/6
հեռախոս:(374-10) 52-47-50
Հետադարձ կապ

All site content, except where otherwise noted, is licensed under a
Creative Commons License